000 00936nam a2200265 a 4500
001 59169
003 BD-RjUL
005 20211209080712.0
008 161221s1997 onca b 000 0 eng d
020 _a0802009034 (bound)
020 _a0802078842 (pbk.)
035 _a(BD-RjUL) 59293
040 _aCaOTU
_beng
_cCaOONL
_dDLC
_dBD-RjUL
041 _aeng
082 0 0 _a307.14
_223
_bCAM 1997
245 0 0 _aCommunity development around the world :
_bpractice, theory, research, training /
_cedited by Hubert Campfens.
260 _aToronto ;
_aBuffalo :
_bUniversity of Toronto Press,
_cc1997.
300 _axxiii, 481 p. :
_bill. ;
_c24 cm.
504 _aIncludes bibliographical references.
650 0 _aCommunity development
_xCross-cultural studies.
_9175927
650 0 _aCommunity development
_xResearch.
_9175928
650 0 _aCommunity development
_xPhilosophy.
_9175929
700 1 _aCampfens, Hubert.
_9175930
942 _2ddc
_cBK
999 _c59169
_d59169